000 00471nam a2200169 i 4500
001 60854
003 ES-MaACL
005 20230906164323.0
007 t|
008 031107s1912 sp ||||1| spa d
100 1 _aEstelrich, Juan Luis,
_d1856-1923
_9151748
245 1 0 _aPáginas mallorquinas /
_cJuan Luis Estelrich.
260 _aPalma de Majorque :
_bJ. Tous,
_c1912.
300 _a306 p. ;
_c19 cm.
852 _aES-MaACL
_jD-5112
999 _c60854
_d60854